[Event "IECG CN.1998.0.00089"]
[Site "IECG email"]
[Date "1998.10.30"]
[Round "?"]
[White "Frazer, Steve"]
[Black "Bortnicker, Brian"]
[Result "1/2-1/2"]
[WhiteElo "800"]
[BlackElo "987"]
[PlyCount "49"]
[EventDate "1998.10.30"]
[EventType "tourn (corr)"]
[EventRounds "6"]
[SourceTitle "Corr 2008"]
[Source "ChessBase"]
[SourceDate "2008.06.24"]
[SourceVersion "1"]
[SourceVersionDate "2008.06.24"]
[SourceQuality "1"]

1. e4 e5 2. Bc4 Nf6 3. d3 d5 4. exd5 Nxd5 5. Nf3 Nc6 6. Nc3 Bb4 7. Ng5 0-0 8. 0-0 Nf6 9. Nce4 Nxe4 10. Nxe4 h6 11. Qh5 Be7 12. c3 a6 13. f4 Be6 14. Bxe6 fxe6 15. Qh3 Qd7 16. fxe5 Nxe5 17. d4 Rxf1+ 18. Kxf1 Rf8+ 19. Kg1 c5 20. Be3 cxd4 21. Bxd4 Qd5 22. Bxe5 Qxe5 23. Qd3 Bc5+ 24. Nxc5 Qxc5+ 25. Qd4 1/2-1/2

[Event "IECG CN.1998.0.00089"]
[Site "IECG email"]
[Date "1998.10.30"]
[Round "?"]
[White "Frazer, Steve"]
[Black "Sandberg Maitland, Ariel"]
[Result "1/2-1/2"]
[WhiteElo "800"]
[BlackElo "800"]
[PlyCount "45"]
[EventDate "1998.10.30"]
[EventType "tourn (corr)"]
[EventRounds "6"]
[SourceTitle "Corr 2008"]
[Source "ChessBase"]
[SourceDate "2008.06.24"]
[SourceVersion "1"]
[SourceVersionDate "2008.06.24"]
[SourceQuality "1"]

1. e4 e5 2. Nf3 Nc6 3. Nc3 Nf6 4. d4 Bb4 5. Bg5 exd4 6. Nxd4 0-0 7. Nxc6 bxc6 8. Be2 Re8 9. 0-0 Bxc3 10. bxc3 Rxe4 11. c4 Rb8 12. Bd3 Re5 13. f4 Re8 14. f5 Qe7 15. Rb1 Qc5+ 16. Kh1 Rxb1 17. Qxb1 Ng4 18. Bh4 d6 19. Qb8 Qb6 20. Qxb6 cxb6 21. Bg3 Ne5 22. Re1 f6 23. Bxe5 1/2-1/2

[Event "IECG CN.1998.0.00089"]
[Site "IECG email"]
[Date "1998.10.30"]
[Round "?"]
[White "Van den Abbeele, Davy"]
[Black "Frazer, Steve"]
[Result "1-0"]
[WhiteElo "800"]
[BlackElo "800"]
[PlyCount "41"]
[EventDate "1998.10.30"]
[EventType "tourn (corr)"]
[EventRounds "6"]
[SourceTitle "Corr 2008"]
[Source "ChessBase"]
[SourceDate "2008.06.24"]
[SourceVersion "1"]
[SourceVersionDate "2008.06.24"]
[SourceQuality "1"]

1. e4 e5 2. Nf3 Nc6 3. Bb5 Nge7 4. Nc3 d6 5. d4 Bg4 6. d5 a6 7. dxc6 axb5 8. cxb7 Rb8 9. Nxb5 Rxb7 10. c4 Nc6 11. h3 Bxf3 12. Qxf3 Nd4 13. Nxd4 exd4 14. 0-0 c5 15. Re1 f6 16. e5 Re7 17. e6 Qa5 18. Qc6+ Kd8 19. Qxd6+ Kc8 20. Bf4 g5 21. Qb8# 1-0